00571nam a2200121Ia 4500008004100000082001500041100000900056245011500065260003300180365000600213630011500219730011500334100415s9999 xx 000 0 und d b12169a630 aANON aAgricultural Markets in the Semi-arid Tropics ; Proceedings of the Internatonal Workshop held at ICRIST Center aANDHRA PRADESHc1985bICRIST b0 aAgricultural Markets in the Semi-arid Tropics ; Proceedings of the Internatonal Workshop held at ICRIST Center aAgricultural Markets in the Semi-arid Tropics ; Proceedings of the Internatonal Workshop held at ICRIST Center